000 00888nam0a2200265 4500
001 RU\NLR\bibl\1075810
005 20260405094341.0
010 _a978-5-9524-2790-7
_95000
021 _aRU
_b2007-16502
_9881
035 _a(NLR Aleph) 001063012
090 _a950635
_c950635
100 _a20070420d2007 |||y0rusy50 ca
101 1 _arus
_ceng
102 _aRU
105 _aa |||||||||
200 1 _aМоей дочери
_fЛидия Мария Риба
_g[пер. с англ.: Е.В. Нетесова]
210 _aМосква
_cЦентрполиграф
_d2007
215 _a39,[8] с.
_cцв. ил.
_d17
700 1 _4070
_8rus
_7ca
_aРиба
_bЛ. М.
_gЛидия Мария
_3RU\NLR\auth\7735063
_918062
801 0 _aRU
_bNLR
_c20070420
_gRCR
801 1 _aRU
_bNLR
_c20070420
830 _aАвт. раскрыт по кн.
942 _cBOOK
980 _aNB